| 000 | 00388 a2200121 4500 | ||
|---|---|---|---|
| 001 | ART_10156 | ||
| 005 | 20260410161613.0 | ||
| 008 | 260409a | ||
| 245 | 1 | 0 | _aEstrategias para penetrar mercados bien custodiados |
| 100 | 1 | _aBryce, David J. | |
| 700 | 1 | _aDyer, Jeffrey H. | |
| 773 | 0 |
_tHarvard Business Review _gEsquivar el corte - Vol. 85, NÂș 5 (may. 2007) _wREV340 |
|
| 999 |
_c10790 _d10790 |
||